00709nam a2200217Ia 450000500170000000800410001704000190005804100120007708200160008910000230010524500630012826000390019130000150023050400570024565000210030270000210032385000100034494200070035499900160036195201140037720221028140812.0131103s9999 xx 000 0 und d aLoreto College aEnglish a954.02bPAN aPandey,Vinod Chand 4aThe Mughal empirecVinod Chand Pandey and Vinod Behari Lal aLucknowbPrakashan Kendrac[19 -?] axi,385 p.  aIncludes important events of medieval Indian history aMedieval History aLal,Vinod Behari aLCLIB cBK c9480d59959 00102ddc4070aMAINbMAINd2013-11-04l4o954.02 PAN 38366pB9358r2019-08-28s2019-08-28w2013-11-04yBKf